Diseño de un mini acueducto por bombeo eléctrico y saneamiento básico para la comunidad de Subtiaba, municipio de Estelí, departamento de Estelí
El presente estudio tiene como objetivo brindar a todos los pobladores de la comunidad de Subtiaba, agua potable que esté disponible todos los meses del año, a partir de un mini acueducto por bombeo eléctrico (MABE) diseñado según la norma técnica nicaragüense NTON 09-001-99, respectiva a las...
| Main Authors: | , , |
|---|---|
| Other Authors: | |
| Format: | Tesis Section = Libro |
| Language: | Undetermined Spanish |
| Published: |
Managua
UNI-RUACS
2021
|
| Subjects: |
| LEADER | 01473nam a2200301Ia 4500 | ||
|---|---|---|---|
| 008 | 240830s9999 xx 000 0 und d | ||
| 040 | |a BIBLIOTECA-RUPAP Mon 628.72 I29 | ||
| 041 | |a spa | ||
| 082 | |a Mon 628.72 I29 | ||
| 100 | 1 | |a Illescas Espinoza, Donald de Jesús | |
| 100 | 1 | |b Lanuza Pineda, Alberth Mauricio | |
| 100 | 1 | |c Sandoval López, , Brayan Antonio | |
| 245 | 1 | 0 | |a Diseño de un mini acueducto por bombeo eléctrico y saneamiento básico para la comunidad de Subtiaba, municipio de Estelí, departamento de Estelí |
| 260 | |a Managua |b UNI-RUACS |c 2021 | ||
| 300 | |a 104 p. :il. | ||
| 500 | |a Contiene: anexos y CD. | ||
| 502 | |a Tesis (Ingeniero Civil) -UNI, 2015. | ||
| 520 | 3 | |a El presente estudio tiene como objetivo brindar a todos los pobladores de la comunidad de Subtiaba, agua potable que esté disponible todos los meses del año, a partir de un mini acueducto por bombeo eléctrico (MABE) diseñado según la norma técnica nicaragüense NTON 09-001-99, respectiva a las zonas rurales del país y atendiendo a las normas CAPRE de calidad de agua para consumo humano. | |
| 650 | 7 | |a AGUA POTABLE | |
| 650 | 7 | |b AGUA - ABASTECIMIENTO | |
| 650 | 7 | |c ACUEDUCTOS - DISEÑO Y CONSTRUCCION | |
| 650 | 7 | |d SANEAMIENTO | |
| 650 | 7 | |e CALIDAD DEL AGUA | |
| 650 | 7 | |f ANALISIS HIDRAULICO 7.TUBERIAS - DISEÑO Y CONSTRUCCION | |
| 700 | 1 | |a Tutor: |b Baltodano Maldonado, José Ángel | |
| 942 | |c BK |2 ddc | ||
| 991 | |a TESIS | ||
| 999 | |c 18891 | ||